000 01161nam a2200217Ia 4500
999 _c7081
_d7081
020 _a0619015292
020 _a9780619015299
050 _aTK5105.5
_b.W58
100 1 _aWhite, Curt M.
245 1 0 _aData communications and computer networks :
_ba business user's approach /
_cCurt M. White.
260 _aCambridge, MA :
_bCourse Technology, Thomson Learning,
_c©2001
300 _axxiv, 496 pages :
_billustrations ;
_c29 cm +
_e1 computer disc (5 1/4 in.)
500 _a"An accompanying interactive CD-ROM, tightly integrated with the book's content, provides eleven modules that make concepts come to life and allow interactive assessment"--P. [4] of cover.
500 _a"Excellence in information systems"--P. [1] of cover.
500 _aIncludes index.
505 _aChapter 1: Introduction to Computer Networks and Data Communications Chapter 2: Fundamentals of Data and Signals Chapter 3: The Media - Conducted and Wireless Chapter 4: Interfacing and Modems Chapter 5: Multiplexing - Sharing a Medium. (Part contents).
650 0 _aComputer networks.
650 0 _aData transmission systems.
650 0 _aIndustrial management.
942 _cBK